[Event "Dhaka Powertec op-B"]
[Site "Dhaka"]
[Date "2017.07.17"]
[Round "3"]
[White "Sonkalan, Bharati"]
[Black "Ahmed, Ziauddin"]
[Result "1-0"]
[WhiteElo "1978"]
[BlackElo "1853"]
[PlyCount "47"]
[EventDate "2017.07.15"]
[EventType "swiss"]
[EventRounds "9"]
[EventCountry "BAN"]
[SourceTitle "EXT 2018"]
[Source "ChessBase"]
[SourceDate "2017.10.13"]
[SourceVersion "1"]
[SourceVersionDate "2017.10.13"]
[SourceQuality "1"]

1. e4 e5 2. d4 Nf6 3. dxe5 Nxe4 4. Qe2 Nc5 5. Nc3 Be7 6. Bd2 Nc6 7. Nf3 0-0 8. 0-0-0 d6 9. Be3 Nd7 10. exd6 Bxd6 11. Ne4 Be7 12. Qe1 Qe8 13. Bf4 Bb4 14. c3 Ba5 15. Bd3 h6 16. Qd2 Qe6 17. Rhe1 Qxa2 18. Bxh6 Nde5 19. Nxe5 Nxe5 20. Nf6+ gxf6 21. Rxe5 Bxc3 22. Rg5+ Kh8 23. Bg7+ Kg8 24. Bxf6# 1-0

[Event "Dhaka SGS op"]
[Site "Dhaka"]
[Date "2017.06.10"]
[Round "8"]
[White "Ahmed, Ziauddin"]
[Black "Md, Sariatullah"]
[Result "1-0"]
[WhiteElo "1826"]
[BlackElo "1988"]
[PlyCount "96"]
[EventDate "2017.06.03"]
[EventType "swiss"]
[EventRounds "9"]
[EventCountry "BAN"]
[SourceTitle "EXT 2024"]
[Source "ChessBase"]
[SourceDate "2023.10.10"]
[SourceVersion "1"]
[SourceVersionDate "2023.10.10"]
[SourceQuality "1"]

1. e4 Nc6 2. Nf3 e5 3. Bb5 a6 4. Ba4 Nf6 5. 0-0 b5 6. Bb3 Bb7 7. c3 Bc5 8. d4 Bb6 9. d5 Na5 10. Bc2 d6 11. Nbd2 0-0 12. b4 Nc4 13. Nxc4 bxc4 14. Qe2 c6 15. dxc6 Bxc6 16. Bg5 h6 17. Bh4 Qe7 18. Rfd1 g5 19. Bg3 Rac8 20. a4 Rfd8 21. Nd2 Bd7 22. h3 Be6 23. Bb1 Qc7 24. Nf1 a5 25. b5 Kg7 26. Ne3 Bxe3 27. Qxe3 Nd7 28. Bc2 Nc5 29. Rab1 f6 30. f3 d5 31. exd5 Rxd5 32. Rxd5 Bxd5 33. Rd1 Bf7 34. Bf2 Qe7 35. Qe2 Ne6 36. Qe4 Nf8 37. Qg4 Be6 38. Bf5 Re8 39. Bxe6 Nxe6 40. Qxc4 Nf4 41. b6 Kg6 42. Qe4+ f5 43. Qc6+ Ne6 44. Rd7 Qa3 45. b7 e4 46. Rg7+ Kxg7 47. Qxe8 Qc1+ 48. Kh2 e3 1-0

[Event "Dhaka SGS op"]
[Site "Dhaka"]
[Date "2017.06.08"]
[Round "6"]
[White "Ahmed, Ziauddin"]
[Black "Md Abzid, Rahman"]
[Result "0-1"]
[WhiteElo "1826"]
[BlackElo "2090"]
[PlyCount "86"]
[EventDate "2017.06.03"]
[EventType "swiss"]
[EventRounds "9"]
[EventCountry "BAN"]
[SourceTitle "EXT 2019"]
[Source "ChessBase"]
[SourceDate "2018.10.10"]
[SourceVersion "1"]
[SourceVersionDate "2018.10.10"]
[SourceQuality "1"]

1. e4 e5 2. Nf3 Nc6 3. Bb5 a6 4. Ba4 Nf6 5. 0-0 Nxe4 6. d4 b5 7. Bb3 d5 8. dxe5 Be6 9. c3 Be7 10. Nbd2 0-0 11. Nxe4 dxe4 12. Bxe6 fxe6 13. Nd4 Qd5 14. Nxc6 Qxc6 15. Be3 Rad8 16. Qg4 Rf5 17. h4 g6 18. Bd4 Rdf8 19. g3 Qd5 20. b4 c5 21. bxc5 Bxc5 22. Bxc5 Qxc5 23. Qxe4 Rxf2 24. Qd4 Qxd4 25. cxd4 Rd2 26. Rxf8+ Kxf8 27. Rc1 Rxa2 28. Rc8+ Ke7 29. Rc7+ Ke8 30. Rxh7 b4 31. Rb7 a5 32. Rb6 Kd7 33. Rd6+ Kc7 34. Rxe6 b3 35. Re7+ Kd8 36. Rb7 b2 37. e6 Ra1+ 38. Kf2 b1Q 39. Rxb1 Rxb1 40. g4 Ke7 41. d5 Rd1 42. h5 gxh5 43. gxh5 Rxd5 0-1

[Event "Dhaka SGS op"]
[Site "Dhaka"]
[Date "2017.06.07"]
[Round "5"]
[White "Anata, Choudhury"]
[Black "Ahmed, Ziauddin"]
[Result "1/2-1/2"]
[WhiteElo "2051"]
[BlackElo "1826"]
[PlyCount "59"]
[EventDate "2017.06.03"]
[EventType "swiss"]
[EventRounds "9"]
[EventCountry "BAN"]
[SourceTitle "EXT 2019"]
[Source "ChessBase"]
[SourceDate "2018.10.10"]
[SourceVersion "1"]
[SourceVersionDate "2018.10.10"]
[SourceQuality "1"]

1. e4 e5 2. Nf3 Nf6 3. Nxe5 d6 4. Nf3 Nxe4 5. d4 d5 6. Bd3 Nc6 7. 0-0 Be7 8. c4 Nb4 9. cxd5 Nxd3 10. Qxd3 Qxd5 11. Re1 Bf5 12. Nc3 Nxc3 13. Qxc3 Be6 14. Qxc7 Bd6 15. Qc3 0-0 16. Bd2 Rac8 17. Qe3 Bg4 18. Bc3 Qh5 19. Ne5 Rce8 20. h3 Bc8 21. Qd2 f6 22. Nc4 Bb8 23. d5 Bxh3 24. gxh3 Qxh3 25. f4 a6 26. d6 Ba7+ 27. Bd4 Qg3+ 28. Kf1 Qf3+ 29. Kg1 Qg3+ 30. Kf1 1/2-1/2

[Event "Dhaka SGS op"]
[Site "Dhaka"]
[Date "2017.06.04"]
[Round "2"]
[White "Ahmed, Ziauddin"]
[Black "Chowdhury, Sohel"]
[Result "1/2-1/2"]
[WhiteElo "1826"]
[BlackElo "2101"]
[PlyCount "113"]
[EventDate "2017.06.03"]
[EventType "swiss"]
[EventRounds "9"]
[EventCountry "BAN"]
[SourceTitle "EXT 2019"]
[Source "ChessBase"]
[SourceDate "2018.10.10"]
[SourceVersion "1"]
[SourceVersionDate "2018.10.10"]
[SourceQuality "1"]

1. e4 d5 2. exd5 Qxd5 3. d4 Nf6 4. Nc3 Qa5 5. Nf3 Bf5 6. Bc4 c6 7. Bd2 e6 8. Nd5 Qd8 9. Nxf6+ Qxf6 10. c3 Nd7 11. 0-0 h6 12. Re1 Be7 13. a4 Bg4 14. Be2 Bxf3 15. Bxf3 0-0 16. b4 a6 17. Qe2 Rfe8 18. b5 axb5 19. axb5 Rxa1 20. Rxa1 c5 21. Bxb7 cxd4 22. cxd4 Qxd4 23. Rd1 Nf6 24. Be3 Qe5 25. Bc6 Rc8 26. Qf3 Bc5 27. Bxc5 Qxc5 28. h3 Rb8 29. Qd3 Nd5 30. Bxd5 exd5 31. Qxd5 Rxb5 32. Qxc5 Rxc5 33. g4 g6 34. Kg2 Kg7 35. Rd6 Rc3 36. f3 Re3 37. Kg3 Re1 38. Kf2 Rh1 39. Kg2 Re1 40. Kf2 Re8 41. Kg3 Kf8 42. Rd7 Re6 43. Rb7 Kg7 44. h4 Rc6 45. Ra7 Rc5 46. Ra6 Rc1 47. Rb6 Rg1+ 48. Kh2 Re1 49. Kg3 Re5 50. Rc6 Rb5 51. Rd6 h5 52. g5 Kf8 53. Rd7 Rf5 54. Rb7 Rc5 55. Ra7 Ke8 56. Rb7 Rf5 57. Ra7 1/2-1/2